Handbook of complementary methods for research in education /

Guardado en:
Otros Autores: Green, Judith L. (Editor ), Camilli, Gregory. (Editor ), Elmore, Patricia B., 1943- (Editor )
Formato: Libro
Idioma:English
Publicado: Mahwah, NJ : Lawrence Erlbaum Associates, Publishers, 2006.
Edición:3rd ed.
Materias:
Acceso en línea:Publisher description
Table of contents only
Etiquetas: Agregar Etiqueta
Sin Etiquetas, Sea el primero en etiquetar este registro!
LEADER 01161cam a22002898a 4500
001 MAT.inmabb004795
008 050831s2006####nju######b####001#0#eng##
005 20160509163435.0
245 0 0 |a Handbook of complementary methods for research in education /  |c edited by Judith L. Green, Greg Camilli, Patricia B. Elmore. 
250 |a 3rd ed. 
260 |a Mahwah, NJ :  |b Lawrence Erlbaum Associates, Publishers,  |c 2006. 
300 |a xxix, 864 p. ;  |c 25 cm. 
504 |a Incluye referencias bibliográficas e índice. 
020 |a 0805859322 
020 |a 0805859330 
700 1 |a Green, Judith L.  |4 edt 
700 1 |a Camilli, Gregory.  |4 edt 
700 1 |a Elmore, Patricia B.,  |d 1943-  |4 edt 
246 1 0 |a Complementary methods in education research 
650 0 |a Education  |x Research  |x Methodology. 
650 0 |a Education  |x Research. 
084 |a 97-02 (97B10)  |2 MR 
010 |a  2005054221 
040 |a DLC  |c DLC  |d DLC 
856 4 2 |3 Publisher description  |u http://www.loc.gov/catdir/enhancements/fy0634/2005054221-d.html 
856 4 1 |3 Table of contents only  |u http://www.loc.gov/catdir/enhancements/fy0643/2005054221-t.html 
859 |h 97  |i H236c-3  |p A-8492  |b BIB. MATEMATICA